Normal view
MARC view
- Khurami, R.S
Entry Personal Name
001 - CONTROL NUMBER
- control field: 57130
003 - CONTROL NUMBER IDENTIFIER
- control field: NUST
005 - DATE AND TIME OF LATEST TRANSACTION
- control field: 20210628201846.0
008 - FIXED-LENGTH DATA ELEMENTS
- fixed length control field: 210628|| aca||aabn | a|a d
040 ## - CATALOGING SOURCE
- Original cataloging agency: NUST
- Transcribing agency: NUST
100 ## - HEADING--PERSONAL NAME
- Personal name: Khurami, R.S
670 ## - SOURCE DATA FOUND
- Source citation: Work cat.: (NUST): Khurami, R.S, Structural mechanics, 1997
